Car models starting with G by pictures - Statistics

General Stats
  • This quiz has been taken 86 times
  • The average score is 7 of 10
Answer Stats
Picture Hint Answer % Correct
Volkswagen Golf
95%
Ford GT40
92%
Nissan GT-R
88%
Lamborghini Gallardo
82%
Rolls-Royce Ghost
78%
Alfa-Romeo Giulia
72%
Mitsubishi Galant
60%
Maserati Ghibli
54%
Opel Grandland
40%
Hyundai Getz
38%
No matching quizzes found
Score Distribution
Percent of People with Each Score
Percentile by Number Answered
Your Score History
You have not taken this quiz